|
|
|
|
| LEADER |
00940nam a2200265 a 4500 |
| 001 |
GR-Patra2400 |
| 008 |
991022s enk 000 b eng d |
| 020 |
|
|
|a 0140165452
|
| 040 |
|
|
|a GrPaTEI
|b gre
|c GR-PaULI
|
| 245 |
0 |
0 |
|a Handbook for the positive revolution.
|
| 260 |
|
|
|a London :
|b Penguin,
|c c1991
|
| 300 |
|
|
|a xv, 176σ. :
|b εικ.
|
| 650 |
|
0 |
|a POSITIVE THOUGHT
|
| 650 |
|
0 |
|a REVOLUTION
|
| 650 |
|
0 |
|a Social change
|
| 650 |
|
4 |
|a ΕΠΑΝΑΣΤΑΣΗ
|
| 650 |
|
4 |
|a ΕΠΑΝΑΣΤΑΣΗ
|
| 650 |
|
4 |
|a ΘΕΤΙΚΗ ΣΚΕΨΗ
|
| 650 |
|
4 |
|a ΚΟΙΝΩΝΙΚΗ ΑΛΛΑΓΗ
|
| 650 |
|
4 |
|a ΚΟΙΝΩΝΙΚΗ ΑΛΛΑΓΗ
|
| 700 |
1 |
|
|a De Bono, Edward,
|d 1933-
|
| 942 |
|
|
|2 ddc
|
| 952 |
|
|
|0 0
|1 0
|2 ddc
|4 0
|6 303_400000000000000_BON
|7 0
|9 284193
|a LISK
|b LISK
|c BSC
|d 2021-01-17
|e 24
|f 0
|g 0.00
|l 0
|o 303.4 BON
|p 9241006681
|r 2021-01-17 00:00:00
|t 1
|w 2021-01-17
|y BK15
|x 19991024 0 1
|x GrPaTEI
|
| 971 |
|
|
|a .b26499010
|b 15-04-20
|c 23-09-16
|
| 999 |
|
|
|c 165399
|d 165399
|